000 00521nam a22001817a 4500
005 20230502102944.0
008 230502b ||||| |||| 00| 0 eng d
040 _cAL
041 _aEnglish
082 _223
_a511/149
_bUMAT
100 _aBasavaraj G Umarani and others
_995754
245 _aTextbook of Mathematics for Second Puc
260 _aBelagum
_bBharat Book Depot
_c1982
650 _aMathematics
_995755
700 _aUMARANI (BASAVARAJ G)
_995756
700 _aUMARANI (Prakash G)
_995757
942 _2ddc
_cSG
999 _c227283
_d227283